000 00322nam a22001337a 4500
082 _a510
_bSHA/A
100 _aSHARMA, J.N
245 _aADVANCED DIFFERENTIAL CALCULUS
250 _aEIGHTEENTH EDITION
260 _aMEERUT
_bKRISHNA PRAKASHAN MEDIA
_c2002
300 _a242
650 _aMATHS REFERENCE
_zINDIA
942 _cBK
999 _c1258
_d1258